| 000 | 00804cam a2200289 4500 | ||
|---|---|---|---|
| 001 | 1730657 | ||
| 003 | NUST | ||
| 005 | 20220719144550.0 | ||
| 008 | 710527s1971 enkab b 001 0 eng | ||
| 010 | _a 73563119 | ||
| 015 | _aB71-00678 | ||
| 020 | _a0500181098 | ||
| 040 |
_aDLC _cDLC _dDLC |
||
| 043 | _af------ | ||
| 050 | 0 | 0 |
_aN7380 _b.W5 |
| 082 | 0 | 0 |
_a709.011096 _bWIL |
| 100 | 1 |
_aWillett, Frank. _98218 |
|
| 245 | 0 | 0 |
_aAfrican art: _ban introduction. |
| 260 |
_aLondon, _bThames & Hudson, _c1971. |
||
| 300 |
_a288 p. _billus. (some col.), maps. _c22 cm. |
||
| 350 | _a£2.10 | ||
| 490 | 0 | _a[The World of art library, history of art] | |
| 504 | _aBibliography: p. 275-279. | ||
| 650 | 0 |
_aArt, African. _98219 |
|
| 906 |
_a7 _bcbc _corignew _d3 _encip _f19 _gy-gencatlg |
||
| 942 |
_2ddc _cBK |
||
| 999 |
_c590365 _d590365 |
||